| 000 | 00677nam a22002057a 4500 | ||
|---|---|---|---|
| 003 | 0 | ||
| 005 | 20251104094406.0 | ||
| 008 | 251104b xxu||||| |||| 00| 0 eng d | ||
| 020 | _a978-93-6224-446-8 | ||
| 050 |
_aHD 1375 _b.R43 2025 |
||
| 245 |
_aReal estate marketing and brokerage / _cBhushan Bhosale, editor. |
||
| 260 |
_aNew Delhi, India : _bDiscovery Publishing House, _c2025. |
||
| 300 |
_av, 225 pages : _bcolored illustrations ; _c25 cm. |
||
| 504 | _aIncludes bibliographical references and index. | ||
| 650 | _aReal estate business. | ||
| 650 | _aReal estate agents. | ||
| 650 |
_aReal estate _xMarketing. |
||
| 650 | _aeal estate investment. | ||
| 942 |
_2lcc _cBK |
||
| 999 |
_c368440 _d368440 |
||